000 00795cam a22002533a 4500
003 OSt
005 20150318213002.0
008 960717q1992 xx 000 0deng
020 _a84-473-0014-5
040 _cBMC
082 _a813.5
100 1 _930932
_aBowles, Paul
_d1910-1999
245 1 4 _aEl cielo protector
_cPaul Bowles ; traducción de, Aurora Bernárdez
260 _aBarcelona
_bRBA
_c1992
300 _a284 p.
_c21 cm
490 _aNarrativa actual
_v15
595 _aTraducción de: The sheltering sky
650 2 4 _917595
_aNovela norteamericana
655 7 _aTheater programs
_zWashington (D.C.)
_2rbgenr
655 7 _aTheater programs
_y1962.
_2rbgenr
752 _aUnited States
_bDistrict of Columbia
_dWashington.
700 1 _95133
_aBernárdez, Aurora
942 _2ddc
_cBK
999 _c17900
_d17900